| 000 | 01717cam a2200349 i 4500 | ||
|---|---|---|---|
| 999 |
_c200453894 _d72106 |
||
| 003 | TR-AnTOB | ||
| 005 | 20230815091044.0 | ||
| 007 | ta | ||
| 008 | 230811s2013 tu o|||| ||| 000 0 tur d | ||
| 020 | _a9789952445213 | ||
| 040 |
_aTR-AnTOB _beng _erda _cTR-AnTOB |
||
| 041 | 0 |
_aaze _atur _aeng _arus |
|
| 050 | 1 | _aBL980.A98 | |
| 090 |
_aBL980.A98 _bT345 2013 |
||
| 100 | 1 |
_aTağıyev, Әlihüseynli Sabir _eauthor _9142796 |
|
| 245 | 1 | 0 |
_aAzәrbaycanda Xristian etiqadlı Türk abidәlәri = _bAzerbaycan'da Hıristiyan inançlı Türk anıtları = Turetskie pamyatniki Hristianskogo veroispovedaniya v Azerbaycane = Turkish monuments with Christian faith in Azerbaijan / _cӘlihüseynli Sabir Tağıyev. |
| 246 | 3 | 0 | _aAzerbaycan'da Hristiyan inançlı Türk anıtlarıi |
| 246 | 3 | 0 | _aTuretskie pamyatniki Hristianskogo veroispovedaniya v Azerbaycane |
| 264 | 1 |
_aBakı : _bTeknur, _c2013. |
|
| 300 |
_a231 pages : _bphotographs ; _c21 cm |
||
| 336 |
_2rdacontent _atext _btxt |
||
| 337 |
_2rdamedia _aunmediated _bn |
||
| 338 |
_2rdacarrier _avolume _bnc |
||
| 500 | _aEser adı başında “Şәrq Ölkәlәri Beynәlxalq Memarlıq Akademiyası = Doğu Ülkeleri Uluslararası Mimarlık Akademisi = Mejdunarodnaya Akademiya Arhitekturı Stran Vostoka = East Countries the International Academy of Architecture“ vardır. | ||
| 546 | _aMetin, Azerbaycan Türkçesi, Türkçe, Rusça ve İngilizce paraleldir. Azerbaycan Türkçesi, Türkçe, Rusça ve İngilizce özet içerir. | ||
| 653 | _aKafkas Türkleri | ||
| 653 | _aKeşikçidağ Tapınağı--Azerbaycan | ||
| 653 | _aAvey Tapınağı--Azerbaycan. | ||
| 653 | _aGöyezen Tapınağı--Azerbaycan. | ||
| 942 |
_2lcc _cBK |
||